Management Accounting: Second Canadian Edition, (Record no. 6006)

MARC details
005 - DATE AND TIME OF LATEST TRANSACTION
control field 20250628124702.0
020 ## - INTERNATIONAL STANDARD BOOK NUMBER
International Standard Book Number 0-13-237660-1
082 ## - DEWEY DECIMAL CLASSIFICATION NUMBER
Classification number 658.1511 HOR
111 ## - MAIN ENTRY--MEETING NAME
Meeting name or jurisdiction name as entry element Management Accounting: Second Canadian Edition,
245 ## - TITLE STATEMENT
Title Management Accounting: Second Canadian Edition,
250 ## - EDITION STATEMENT
Edition statement 2nd Ed.
260 ## - PUBLICATION, DISTRIBUTION, ETC.
Place of publication, distribution, etc. Scarborough,
Name of publisher, distributor, etc. Prentice Hall Canada Inc,
Date of publication, distribution, etc. 1996.
300 ## - PHYSICAL DESCRIPTION
Extent xxii, 809p,: ill.' figure
Other physical details Glossary & Index
Dimensions 26cm
700 ## - ADDED ENTRY--PERSONAL NAME
Other authors/Editors HORNGREN, C. T.
942 ## - ADDED ENTRY ELEMENTS (KOHA)
Source of classification or shelving scheme Dewey Decimal Classification
Koha item type Books
Holdings
Date last seen Total checkouts Full call number Barcode Cost, replacement price Price effective from Koha item type Lost status Source of classification or shelving scheme Damaged status Not for loan Withdrawn status Home library Current library Shelving location Date acquired Cost, normal purchase price
06/28/2025   658.1511 HOR DOM0001295 150000.00 06/28/2025 Books   Dewey Decimal Classification       CBE Dodoma CBE Dodoma General Collection 11/28/1999 50000.00